000 00509nam a2200181Ia 4500
999 _c7956
_d7956
003 OSt
005 20200122113649.0
008 190216s9999||||xx |||||||||||||| ||und||
020 _a9780706979398
040 _coclc
082 _a658.72
_bNAI/P
100 _aNair, N K
_91362
245 0 _aPurchasing And Materials Management /
_cN K Nair
250 _a2nd ed.
260 _bVikas Publishing House,
_c2013.
_aNoida:
300 _a331p
942 _cBK
_2ddc
_h658.72
_iNAI/P
_k658.72
_mNAI/P